Niektoré aspekty vývoja teórie konkurencie a nevyhnutnosť ich poznania
Protimonopolná, súťažná, resp. konkurenčná politika ako integrálna súčasť hospodárskej politiky vlády v procese vytvárania funkčného trhu. Vývoj teórií konkurencie a trhových štruktúr. Príčiny diferencie medzi jednotlivými systémami protimonopolnej politiky. Poznanie konkrétnych historických, spoloč...
Saved in:
| Main Author: | |
|---|---|
| Format: | Book Chapter |
| Language: | Slovak |
| Subjects: | |
| Tags: |
No Tags, Be the first to tag this record!
|
MARC
| LEADER | 00000naa$a2200000$$$4500 | ||
|---|---|---|---|
| 001 | 0054983 | ||
| 005 | 20240502071630.3 | ||
| 041 | 0 | |a slo | |
| 044 | |a SK | ||
| 245 | 1 | 0 | |a Niektoré aspekty vývoja teórie konkurencie a nevyhnutnosť ich poznania |c Mária Tokárová |
| 520 | |a Protimonopolná, súťažná, resp. konkurenčná politika ako integrálna súčasť hospodárskej politiky vlády v procese vytvárania funkčného trhu. Vývoj teórií konkurencie a trhových štruktúr. Príčiny diferencie medzi jednotlivými systémami protimonopolnej politiky. Poznanie konkrétnych historických, spoločensko-ekonomických špecifík vývoja trhových ekonomík ako základ analýzy konkurencie, súťaživosti a protimonopolnej politiky. Hlavné etapy vývoja teórie konkurencie a trhových štruktúr. | ||
| 610 | 2 | 0 | |a konkurencia trhová |
| 610 | 2 | 0 | |a konkurencieschopnosť |
| 610 | 2 | 0 | |a súťaž hospodárska |
| 610 | 2 | 0 | |a politika protimonopolná |
| 610 | 2 | 0 | |a politika hospodárska |
| 610 | 2 | 0 | |a trh |
| 610 | 2 | 0 | |a teórie ekonomické |
| 100 | 1 | |a Tokárová, Mária | |